Tourism and regional development : new pathways
Αποθηκεύτηκε σε:
| Άλλοι συγγραφείς: | , |
|---|---|
| Μορφή: | Βιβλίο |
| Γλώσσα: | English |
| Δημοσίευση: |
Aldershot, England :
Ashgate,
c2006
|
| Σειρά: | Ashgate economic geography series
|
| Θέματα: | |
| Ετικέτες: |
Προσθήκη ετικέτας
Δεν υπάρχουν, Καταχωρήστε ετικέτα πρώτοι!
|
MARC
| LEADER | 00000cam a2200000 i 4500 | ||
|---|---|---|---|
| 001 | 1/51485 | ||
| 008 | 070809s2006 eng d | ||
| 020 | |a 0754647463 (alk. paper) | ||
| 020 | |a 978-0-7546-4746-1 (hbk.) | ||
| 035 | |l 10089732 | ||
| 040 | |a GR-MY-UA |b gre |e aacr | ||
| 041 | 0 | |a eng | |
| 082 | 0 | |a 338.479109051 |2 (22) | |
| 245 | 1 | 0 | |a Tourism and regional development : |b new pathways / |c edited by Maria Giaoutzi and Peter Nijkamp |
| 260 | |a Aldershot, England : |b Ashgate, |c c2006 | ||
| 300 | |a ix, 311 σ.; |b διαγρ., πίν.; |c 24 εκ. | ||
| 490 | 1 | |a Ashgate economic geography series | |
| 500 | |a Το Παράρτημα Μυτιλήνης διαθέτει την ανατύπωση του 2007 | ||
| 504 | |a Περιλαμβάνει βιβλιογραφικές παραπομπές και ευρετήριο | ||
| 650 | 0 | 0 | |a Regional planning. |
| 650 | 0 | 0 | |a Tourism. |
| 700 | 1 | |a Giaoutzi, Maria, |d 1946- |4 edt | |
| 700 | 1 | |a Nijkamp, Peter. |4 edt | |
| 830 | 0 | |a Ashgate economic geography series | |
| 852 | |a INST |b CHIOS |e 20070809 |h 338.479109051 TOU |p 005200025902 |q 005200025902 |t BK |y 0 | ||
| 852 | |a INST |b LESVOS |e 20070824 |h 338.479109051 TOU |p 005100039207 |q 005100039207 |t BK |y 0 | ||
| 901 | |a BIBL2-2007-2 | ||
| 909 | |a Χ |b 136816 | ||
| 909 | |a Λ |b 138071 | ||
| 922 | |a 2ΕΛΗ |b 200707 |c ΕΠΕΑΕΚ2/ΤΔΕ |d ΕΛΕΥΘΕΡΟΥΔΑΚΗΣ | ||
| 922 | |a 1ΕΛΗ |b 200707 |c ΕΠΕΑΕΚ2/ΤΠ |d ΕΛΕΥΘΕΡΟΥΔΑΚΗΣ | ||
| 970 | |a ΒΑΣΙΛΑΚΗ |b ΝΙΚΗ |z 2007/08/09 | ||